[Event "Bundesliga 2324"]
[Site "Germany"]
[Date "2024.02.03"]
[Round "7.5"]
[White "Plat, Vojtech"]
[Black "Predojevic, Borki"]
[Result "1/2-1/2"]
[WhiteElo "2503"]
[BlackElo "2580"]
[PlyCount "40"]
[EventDate "2023.10.21"]
[EventType "team-tourn"]
[EventRounds "15"]
[EventCountry "GER"]
[SourceTitle "CB06_2024"]
[SourceDate "2024.02.07"]
[SourceVersion "1"]
[SourceVersionDate "2024.02.07"]
[SourceQuality "1"]
[WhiteTeam "Remagen Sinzig"]
[BlackTeam "Kirchweyhe"]
[WhiteTeamCountry "GER"]
[BlackTeamCountry "GER"]

1. e4 c6 2. d4 d5 3. Nc3 dxe4 4. Nxe4 Nd7 5. Bc4 Ngf6 6. Ng5 e6 7. Qe2 Nb6 8. Bb3 h6 9. N5f3 a5 10. a3 a4 11. Ba2 c5 12. dxc5 Bxc5 13. Nh3 Nbd7 14. 0-0 0-0 15. Rd1 b6 16. Ne5 Ba6 17. Qe1 Qe7 18. Nc6 Qe8 19. Nb4 Bb7 20. Nf4 Qe7 1/2-1/2

[Event "BIH-chT 21st"]
[Site "Sarajevo"]
[Date "2023.11.05"]
[Round "6.1"]
[White "Stevic, Hrvoje"]
[Black "Predojevic, Borki"]
[Result "1/2-1/2"]
[WhiteElo "2549"]
[BlackElo "2569"]
[PlyCount "65"]
[EventDate "2023.10.31"]
[EventType "team-tourn"]
[EventRounds "9"]
[EventCountry "BIH"]
[SourceTitle "Mega2024 Update 01"]
[Source "Chessbase"]
[SourceDate "2023.11.12"]
[SourceVersion "1"]
[SourceVersionDate "2023.11.12"]
[SourceQuality "1"]
[WhiteTeam "Sarajevo Napredak"]
[BlackTeam "Sarajevo Bosna"]
[WhiteTeamCountry "BIH"]
[BlackTeamCountry "BIH"]

1. e4 c5 2. Nf3 e6 3. d4 cxd4 4. Nxd4 Nf6 5. Nc3 Nc6 6. Ndb5 Bb4 7. a3 Bxc3+ 8. Nxc3 d5 9. exd5 exd5 10. Bd3 0-0 11. 0-0 Bg4 12. f3 Bh5 13. Bg5 Qb6+ 14. Kh1 Ne4 15. Nxe4 dxe4 16. Bxe4 Qxb2 17. Qb1 Qb6 18. Qxb6 axb6 19. Rfb1 Bg6 20. Bxg6 hxg6 21. Rxb6 Nd4 22. Rxb7 Nxc2 23. Rc1 Nxa3 24. Be7 Rfe8 25. h4 Nb5 26. Bc5 Rab8 27. Rxb8 Rxb8 28. Rb1 f6 29. Kh2 Kf7 30. Kh3 Ke6 31. Kg4 Kd5 32. Bf8 Rxf8 33. Rxb5+ 1/2-1/2

[Event "CRO-chT1A 31st"]
[Site "Veli Losinj"]
[Date "2023.10.13"]
[Round "3.3"]
[White "Predojevic, Borki"]
[Black "Doric, Darko"]
[Result "1/2-1/2"]
[WhiteElo "2580"]
[BlackElo "2439"]
[PlyCount "103"]
[EventDate "2023.10.11"]
[EventType "team-tourn"]
[EventRounds "7"]
[EventCountry "CRO"]
[SourceTitle "Mega2024 Update 01"]
[Source "Chessbase"]
[SourceDate "2023.11.12"]
[SourceVersion "1"]
[SourceVersionDate "2023.11.12"]
[SourceQuality "1"]
[WhiteTeam "Solin Cemex"]
[BlackTeam "Sveta Nedelja"]
[WhiteTeamCountry "CRO"]
[BlackTeamCountry "CRO"]

1. c4 e6 2. g3 d5 3. Bg2 dxc4 4. Qa4+ Nd7 5. Qxc4 c5 6. d3 Ngf6 7. Qb3 Bd6 8. Nc3 a6 9. a4 Rb8 10. a5 0-0 11. Nf3 b5 12. axb6 Nxb6 13. Qc2 c4 14. d4 Nbd5 15. 0-0 Bb7 16. Nxd5 exd5 17. Bg5 h6 18. Bxf6 Qxf6 19. e3 Rfc8 20. Nd2 Bb4 21. Nb1 a5 22. Nc3 Qe6 23. Rfd1 Rd8 24. e4 dxe4 25. Nxe4 Bxe4 26. Bxe4 Qa6 27. Rac1 Rbc8 28. Qe2 g6 29. Bb1 Re8 30. Qf1 Qe6 31. Ba2 Kg7 32. Rxc4 Rxc4 33. Bxc4 Qe1 34. Rd3 f5 35. b3 Qxf1+ 36. Kxf1 Re1+ 37. Kg2 Kf6 38. d5 Ke7 39. h3 Kd6 40. g4 f4 41. h4 Rc1 42. Bb5 Rc3 43. Rxc3 Bxc3 44. Bc6 g5 45. h5 Ke5 46. Kf3 Bb4 47. Ke2 Kd4 48. f3 Kc3 49. Ba4 Kd4 50. Bc6 Kc3 51. Ba4 Kd4 52. Bc6 1/2-1/2

[Event "SRB-chT Premier"]
[Site "Bajina Basta"]
[Date "2023.09.26"]
[Round "9.1"]
[White "Predojevic, Borki"]
[Black "Nikitenko, Mihail"]
[Result "1/2-1/2"]
[WhiteElo "2578"]
[BlackElo "2521"]
[PlyCount "23"]
[EventDate "2023.09.18"]
[EventType "team-tourn"]
[EventRounds "11"]
[EventCountry "SRB"]
[SourceTitle "EXT 2024"]
[Source "ChessBase"]
[SourceDate "2023.10.10"]
[SourceVersion "1"]
[SourceVersionDate "2023.10.10"]
[SourceQuality "1"]
[WhiteTeam "Goracici Jelica"]
[BlackTeam "Kac Jugovic"]
[WhiteTeamCountry "SRB"]
[BlackTeamCountry "SRB"]

1. d4 Nf6 2. c4 e6 3. Nc3 d5 4. cxd5 exd5 5. Bg5 c6 6. e3 Be7 7. Bd3 0-0 8. Nge2 Nbd7 9. Qc2 Re8 10. 0-0 Nf8 11. Rad1 a5 12. a3 1/2-1/2

[Event "SRB-chT Premier"]
[Site "Bajina Basta"]
[Date "2023.09.24"]
[Round "7.1"]
[White "Predojevic, Borki"]
[Black "Aslanov, Umid Fuad"]
[Result "1-0"]
[WhiteElo "2578"]
[BlackElo "2260"]
[PlyCount "67"]
[EventDate "2023.09.18"]
[EventType "team-tourn"]
[EventRounds "11"]
[EventCountry "SRB"]
[SourceTitle "EXT 2024"]
[Source "ChessBase"]
[SourceDate "2023.10.10"]
[SourceVersion "1"]
[SourceVersionDate "2023.10.10"]
[SourceQuality "1"]
[WhiteTeam "Goracici Jelica"]
[BlackTeam "Nova Pazova Mladost"]
[WhiteTeamCountry "SRB"]
[BlackTeamCountry "SRB"]

1. c4 e6 2. g3 d5 3. Bg2 Nf6 4. Nf3 dxc4 5. Qa4+ Bd7 6. Qxc4 c5 7. Ne5 Qc8 8. Qd3 Nc6 9. Nxd7 Nxd7 10. b3 Be7 11. Bb2 0-0 12. Nc3 Bf6 13. Rc1 Rb8 14. 0-0 Rd8 15. Qb1 b6 16. Rfd1 Nf8 17. e3 Bxc3 18. Rxc3 Rd6 19. d4 Qd7 20. Rdc1 Nb4 21. dxc5 bxc5 22. Bf1 Rc8 23. a3 Na6 24. b4 Rb8 25. b5 Rd2 26. R3c2 Nc7 27. Rxd2 Qxd2 28. Be5 Rb7 29. Rxc5 Qa5 30. Qc2 Nd5 31. Bd6 Rd7 32. Bxf8 Kxf8 33. Rc8+ Rd8 34. Qc5+ 1-0

[Event "SRB-chT Premier"]
[Site "Bajina Basta"]
[Date "2023.09.22"]
[Round "5.1"]
[White "Predojevic, Borki"]
[Black "Gokerkan, Cem Kaan"]
[Result "1/2-1/2"]
[WhiteElo "2578"]
[BlackElo "2513"]
[PlyCount "25"]
[EventDate "2023.09.18"]
[EventType "team-tourn"]
[EventRounds "11"]
[EventCountry "SRB"]
[SourceTitle "EXT 2024"]
[Source "ChessBase"]
[SourceDate "2023.10.10"]
[SourceVersion "1"]
[SourceVersionDate "2023.10.10"]
[SourceQuality "1"]
[WhiteTeam "Goracici Jelica"]
[BlackTeam "Novi Sad SK"]
[WhiteTeamCountry "SRB"]
[BlackTeamCountry "SRB"]

1. Nf3 Nf6 2. g3 g6 3. c4 Bg7 4. Nc3 c5 5. Bg2 d5 6. cxd5 Nxd5 7. 0-0 Nc6 8. Nxd5 Qxd5 9. d3 0-0 10. Be3 Bxb2 11. Rb1 Bf6 12. Nd4 Qxa2 13. Nxc6 1/2-1/2

[Event "SRB-chT Premier"]
[Site "Bajina Basta"]
[Date "2023.09.20"]
[Round "3.1"]
[White "Predojevic, Borki"]
[Black "Pastar, Slaven"]
[Result "1-0"]
[WhiteElo "2578"]
[BlackElo "2357"]
[PlyCount "73"]
[EventDate "2023.09.18"]
[EventType "team-tourn"]
[EventRounds "11"]
[EventCountry "SRB"]
[SourceTitle "EXT 2024"]
[Source "ChessBase"]
[SourceDate "2023.10.10"]
[SourceVersion "1"]
[SourceVersionDate "2023.10.10"]
[SourceQuality "1"]
[WhiteTeam "Goracici Jelica"]
[BlackTeam "Petrovaradin Kraljica"]
[WhiteTeamCountry "SRB"]
[BlackTeamCountry "SRB"]

1. e4 e5 2. Nf3 Nf6 3. Nc3 Nc6 4. h3 d5 5. exd5 Nxd5 6. Bb5 Nxc3 7. bxc3 Bd6 8. d4 exd4 9. 0-0 0-0 10. cxd4 Ne7 11. Re1 Bb4 12. Bd2 Bxd2 13. Qxd2 Ng6 14. Bc4 Qf6 15. Ne5 Nxe5 16. Rxe5 Bd7 17. Rae1 Rae8 18. f4 b6 19. c3 c6 20. Bb3 b5 21. c4 bxc4 22. Bxc4 Rxe5 23. dxe5 Qh4 24. Qf2 Qxf2+ 25. Kxf2 Rb8 26. Rd1 Be8 27. f5 Rb4 28. Rc1 Kf8 29. g4 h6 30. Ke3 Ke7 31. Kd4 Rb2 32. Rc3 Rd2+ 33. Kc5 h5 34. Ra3 Rd7 35. gxh5 Rb7 36. Rg3 Kf8 37. f6 1-0

[Event "Bundesliga 2223"]
[Site "Germany"]
[Date "2023.02.04"]
[Round "5.7"]
[White "Predojevic, Borki"]
[Black "Jaracz, Pawel"]
[Result "1/2-1/2"]
[WhiteElo "2584"]
[BlackElo "2463"]
[PlyCount "52"]
[EventDate "2022.10.21"]
[EventType "team-tourn"]
[EventRounds "15"]
[EventCountry "GER"]
[SourceTitle "CBM 212 Extra"]
[Source "ChessBase"]
[SourceDate "2023.03.31"]
[SourceVersion "1"]
[SourceVersionDate "2023.03.31"]
[SourceQuality "1"]
[WhiteTeam "Solingen"]
[BlackTeam "Remagen Sinzig"]
[WhiteTeamCountry "GER"]
[BlackTeamCountry "GER"]

1. e4 c6 2. d4 d5 3. e5 Bf5 4. h4 a6 5. Ne2 c5 6. dxc5 e6 7. Nd4 Bxc5 8. Nxf5 exf5 9. Bd3 Ne7 10. Nd2 Nbc6 11. Nf3 0-0 12. 0-0 Qc7 13. Re1 Rfe8 14. h5 Qb6 15. Re2 Qb4 16. h6 gxh6 17. Qd2 Ng6 18. Bxf5 Ncxe5 19. Nxe5 Nxe5 20. Qxb4 Bxb4 21. Kf1 Kg7 22. Be3 Nc4 23. Bd4+ Kg8 24. Rd1 Rxe2 25. Kxe2 Re8+ 26. Kf3 Bf8 1/2-1/2

[Event "AUT-chT2W 2223"]
[Site "Austria"]
[Date "2022.11.12"]
[Round "4.3"]
[White "Predojevic, Borki"]
[Black "Krivoborodov, Egor"]
[Result "1/2-1/2"]
[WhiteElo "2584"]
[BlackElo "2521"]
[PlyCount "61"]
[EventDate "2022.09.23"]
[EventType "team-tourn"]
[EventRounds "11"]
[EventCountry "AUT"]
[SourceTitle "CBM 213 Extra"]
[Source "ChessBase"]
[SourceDate "2023.05.31"]
[SourceVersion "1"]
[SourceVersionDate "2023.05.31"]
[SourceQuality "1"]
[WhiteTeam "Absam"]
[BlackTeam "Salzburg ASK"]
[WhiteTeamCountry "AUT"]
[BlackTeamCountry "AUT"]

1. e4 c5 2. Nf3 g6 3. d4 cxd4 4. Nxd4 Nc6 5. c4 Nf6 6. Nc3 Nxd4 7. Qxd4 d6 8. f3 Bg7 9. Be3 0-0 10. Qd2 a5 11. b3 a4 12. b4 Be6 13. Rc1 Nd7 14. Be2 a3 15. 0-0 Nb6 16. Nd5 Nxd5 17. cxd5 Bd7 18. Bd4 Bxd4+ 19. Qxd4 e5 20. dxe6 Bxe6 21. Bc4 Bxc4 22. Rxc4 Rc8 23. Rfc1 Qd7 24. Rxc8 Rxc8 25. Rxc8+ Qxc8 26. Qe3 Qc2 27. Qxa3 Qd1+ 28. Kf2 Qd2+ 29. Kf1 Qd1+ 30. Kf2 Qd2+ 31. Kf1 1/2-1/2

[Event "SRB-chT Premier"]
[Site "Vrnjacka Banja"]
[Date "2022.09.25"]
[Round "6.2"]
[White "Ioannidis, Evgenios"]
[Black "Predojevic, Borki"]
[Result "1/2-1/2"]
[WhiteElo "2486"]
[BlackElo "2584"]
[PlyCount "28"]
[EventDate "2022.09.20"]
[EventType "team-tourn"]
[EventRounds "11"]
[EventCountry "SRB"]
[SourceTitle "CBM 210 Extra"]
[Source "ChessBase"]
[SourceDate "2022.11.30"]
[SourceVersion "1"]
[SourceVersionDate "2022.11.30"]
[SourceQuality "1"]
[WhiteTeam "Opovo Bata Cosic"]
[BlackTeam "Goracici Jelica"]
[WhiteTeamCountry "SRB"]
[BlackTeamCountry "SRB"]

1. d4 d5 2. c4 e6 3. Nc3 c6 4. e4 dxe4 5. Nxe4 Bb4+ 6. Bd2 Qxd4 7. Bxb4 Qxe4+ 8. Be2 Na6 9. Bd6 Qxg2 10. Qd2 Nf6 11. Bf3 Qg6 12. 0-0-0 e5 13. Bxe5 Be6 14. Ne2 Qf5 1/2-1/2

[Event "SRB-chT Premier"]
[Site "Vrnjacka Banja"]
[Date "2022.09.22"]
[Round "3.6"]
[White "Demchenko, Anton"]
[Black "Predojevic, Borki"]
[Result "1/2-1/2"]
[WhiteElo "2645"]
[BlackElo "2584"]
[PlyCount "86"]
[EventDate "2022.09.20"]
[EventType "team-tourn"]
[EventRounds "11"]
[EventCountry "SRB"]
[SourceTitle "CBM 210 Extra"]
[Source "ChessBase"]
[SourceDate "2022.11.30"]
[SourceVersion "1"]
[SourceVersionDate "2022.11.30"]
[SourceQuality "1"]
[WhiteTeam "Kac Jugovic"]
[BlackTeam "Goracici Jelica"]
[WhiteTeamCountry "SRB"]
[BlackTeamCountry "SRB"]

1. e4 e6 2. d4 d5 3. Nc3 Nf6 4. Bg5 dxe4 5. Nxe4 Be7 6. Nxf6+ Bxf6 7. Bxf6 Qxf6 8. Nf3 0-0 9. Qd3 Rd8 10. 0-0-0 Bd7 11. Rd2 Nc6 12. Qe4 Nb4 13. Ne5 Bc6 14. Nxc6 Nxc6 15. c3 e5 16. Bd3 g6 17. d5 Ne7 18. c4 c6 19. Re1 cxd5 20. Qxe5 Qxe5 21. Rxe5 dxc4 22. Rxe7 cxd3 23. Rxb7 Rd5 24. Re7 a5 25. Re3 Rad8 26. b3 a4 27. Kb2 axb3 28. axb3 h5 29. b4 Kg7 30. Kc3 Rc8+ 31. Kb3 Rcd8 32. g3 R5d6 33. h4 Kf6 34. Re4 R8d7 35. Kc3 Rd8 36. b5 Rb8 37. Rb4 Rd5 38. Kc4 Ke6 39. b6 Rd6 40. Kc5 Kd7 41. b7 Kc7 42. Rb3 Rd7 43. Kc4 Rxb7 1/2-1/2

[Event "BIH-chT 20th"]
[Site "Neum"]
[Date "2022.09.11"]
[Round "2.4"]
[White "Dardha, Daniel"]
[Black "Predojevic, Borki"]
[Result "1/2-1/2"]
[WhiteElo "2604"]
[BlackElo "2584"]
[PlyCount "97"]
[EventDate "2022.09.10"]
[EventType "team-tourn"]
[EventRounds "9"]
[EventCountry "BIH"]
[SourceTitle "CBM 210 Extra"]
[Source "ChessBase"]
[SourceDate "2022.11.30"]
[SourceVersion "1"]
[SourceVersionDate "2022.11.30"]
[SourceQuality "1"]
[WhiteTeam "Konjic Igman"]
[BlackTeam "Sarajevo Bosna"]
[WhiteTeamCountry "BIH"]
[BlackTeamCountry "BIH"]

1. e4 e5 2. Nf3 Nc6 3. Bc4 Nf6 4. d3 h6 5. 0-0 d6 6. c3 g5 7. b4 Bg7 8. Bb3 a6 9. Nbd2 0-0 10. a4 Ne7 11. Nc4 Ng6 12. Ne3 Be6 13. Bxe6 fxe6 14. h3 Nf4 15. Kh2 d5 16. Qc2 Qe8 17. Nxe5 Nxe4 18. d4 Qh5 19. f3 Nd6 20. N3g4 Nf5 21. Nd3 Nxd3 22. Qxd3 Qh4 23. Bd2 Qg3+ 24. Kh1 h5 25. Ne3 Rae8 26. Rae1 Nh4 27. Re2 Qd6 28. Be1 Nf5 29. Nxf5 Rxf5 30. g4 Rff8 31. Kg2 h4 32. Bf2 e5 33. dxe5 Rxe5 34. Rxe5 Qxe5 35. Re1 Qd6 36. c4 c6 37. c5 Qf4 38. Re7 Rf7 39. Re8+ Rf8 40. Re7 Rf7 41. Qe2 Rxe7 42. Qxe7 Be5 43. Qxb7 Qh2+ 44. Kf1 Bg3 45. Qc8+ Kf7 46. Qd7+ Kf8 47. Qf5+ Ke8 48. Qe6+ Kd8 49. Qf6+ 1/2-1/2

[Event "Bundesliga 2122"]
[Site "Germany"]
[Date "2022.05.01"]
[Round "6.4"]
[White "Meissner, Felix"]
[Black "Predojevic, Borki"]
[Result "0-1"]
[WhiteElo "2381"]
[BlackElo "2585"]
[PlyCount "78"]
[EventDate "2022.03.05"]
[EventType "team-tourn"]
[EventRounds "15"]
[EventCountry "GER"]
[SourceTitle "EXT 2023"]
[Source "ChessBase"]
[SourceDate "2022.10.05"]
[SourceVersion "1"]
[SourceVersionDate "2022.10.05"]
[SourceQuality "1"]
[WhiteTeam "Hamburger SK"]
[BlackTeam "Solingen"]
[WhiteTeamCountry "GER"]
[BlackTeamCountry "GER"]

1. e4 c5 2. Nf3 e6 3. d4 cxd4 4. Nxd4 Nc6 5. Nc3 Qc7 6. g3 a6 7. a4 Nf6 8. Nxc6 bxc6 9. Bg2 a5 10. 0-0 Ba6 11. Re1 e5 12. b3 Bb4 13. Bd2 0-0 14. g4 d6 15. g5 Nd7 16. Re3 Nc5 17. Qh5 f6 18. g6 hxg6 19. Qxg6 Qf7 20. Qg3 Ne6 21. Bh3 Nf4 22. Rae1 d5 23. Rf3 d4 24. Bf5 Bxc3 25. Bxf4 exf4 26. Qh3 Rfe8 27. Rd1 Rad8 28. Qh7+ Kf8 29. Bg6 Qg8 30. Qh4 Re5 31. Qxf4 Ke7 32. Rg3 Be2 33. Rd2 Bxd2 34. Qxd2 Ba6 35. f4 Rc5 36. Qc1 Kd7 37. Qa3 Qf8 38. Qb2 Kc7 39. b4 axb4 0-1